000 00272nam a22001217a 4500
020 _a0-7214-1219-X
082 _a823
_b823
100 _aGRA/F
245 _aTHE FLINTSTONES IN FRED THE FISHERMAN
260 _aUK
_bLADYBIRD
650 _aENGLISH SHORT STORY
_zUK
942 _cBK
999 _c4942
_d4942